| 000 | 00607nam a2200229Ia 4500 | ||
|---|---|---|---|
| 003 | OSt | ||
| 005 | 20221007082038.0 | ||
| 006 | a|||||r|||| 00| 0 | ||
| 007 | ta | ||
| 008 | 221006b |||||||| |||| 00| 0 eng d | ||
| 024 | _a30,402 | ||
| 037 | _cTextual | ||
| 040 |
_aFLL _cFLL _beng |
||
| 041 |
_2eng _aeng |
||
| 082 | _aW:23, H9 | ||
| 100 |
_aTilson John Q. _9698574 |
||
| 245 | 0 | _aManual of parliamentary procedure | |
| 260 |
_aU.S.A. _bOceana Publications U.S.A. _c1949 |
||
| 300 |
_axxii,149p _ccm. |
||
| 942 |
_hW:23, H9 _cTEXL _2CC |
||
| 999 |
_c1165141 _d1165141 |
||